<?xml version="1.0" encoding="UTF-8"?>
<record
    xmlns:xsi="http://www.w3.org/2001/XMLSchema-instance"
    xsi:schemaLocation="http://www.loc.gov/MARC21/slim http://www.loc.gov/standards/marcxml/schema/MARC21slim.xsd"
    xmlns="http://www.loc.gov/MARC21/slim">

  <leader>01867nam a22002417a 4500</leader>
  <controlfield tag="005">20260123114824.0</controlfield>
  <controlfield tag="008">260113b        |||||||| |||| 00| 0 eng d</controlfield>
  <datafield tag="020" ind1=" " ind2=" ">
    <subfield code="a">9789369521883</subfield>
  </datafield>
  <datafield tag="040" ind1=" " ind2=" ">
    <subfield code="c">AL</subfield>
  </datafield>
  <datafield tag="041" ind1=" " ind2=" ">
    <subfield code="a">English</subfield>
  </datafield>
  <datafield tag="082" ind1=" " ind2=" ">
    <subfield code="a">364.3092</subfield>
    <subfield code="b">TELC</subfield>
  </datafield>
  <datafield tag="100" ind1=" " ind2=" ">
    <subfield code="a">Anand Teltumbde</subfield>
    <subfield code="9">252377</subfield>
  </datafield>
  <datafield tag="245" ind1=" " ind2=" ">
    <subfield code="a">Cell and the soul</subfield>
    <subfield code="b">: a prison memoir</subfield>
  </datafield>
  <datafield tag="260" ind1=" " ind2=" ">
    <subfield code="a">New Delhi</subfield>
    <subfield code="b">Bloomsbury</subfield>
    <subfield code="c">2025</subfield>
  </datafield>
  <datafield tag="300" ind1=" " ind2=" ">
    <subfield code="a">244 p.</subfield>
    <subfield code="b">HB</subfield>
    <subfield code="c">22x14cm</subfield>
  </datafield>
  <datafield tag="365" ind1=" " ind2=" ">
    <subfield code="a">5464</subfield>
    <subfield code="b">&#x20B9;559.00</subfield>
    <subfield code="c">&#x20B9;</subfield>
    <subfield code="d">&#x20B9;699.00</subfield>
    <subfield code="e">20%</subfield>
    <subfield code="f">10-01-2026</subfield>
  </datafield>
  <datafield tag="520" ind1=" " ind2=" ">
    <subfield code="a">Noted social activist Anand Teltumbde entered the Taloja Central Prison as accused number 10 in the Bhima Koregaon case and spent 31 months as an undertrial until he was released on bail. As an intellectual who was stripped of his freedom, he lays bares the chilling realities of India's prisons in his gut-wrenching prison memoir. Part memoir, part diary, Cell and the Soul is a descent into the heart of India's carceral state, ripping open the belly of the beast-the prison industrial complex-and exposing the brutal, pulsating injustice within.
From the echoing silence of his cell, Teltumbde writes of a heartless state that criminalises dissent with political imprisonment, of the relentless grind of injustice, and the profound cost of speaking truth to power. His prison writing is but a synecdoche for thousands of nameless, faceless undertrials who languish in India's jails.
This is a raw, unvarnished testament of a man incarcerated for his convictions, a powerful indictment of a democracy devouring its own. Rare is writing so tender and searing it dares us to confront the darkness within each of us and seek our own freedoms.
</subfield>
  </datafield>
  <datafield tag="650" ind1=" " ind2=" ">
    <subfield code="a">Prison life  India</subfield>
    <subfield code="9">251155</subfield>
  </datafield>
  <datafield tag="650" ind1=" " ind2=" ">
    <subfield code="a">Political imprisonment and dissent</subfield>
    <subfield code="9">251166</subfield>
  </datafield>
  <datafield tag="650" ind1=" " ind2=" ">
    <subfield code="a">Human rights  India</subfield>
    <subfield code="9">251167</subfield>
  </datafield>
  <datafield tag="650" ind1=" " ind2=" ">
    <subfield code="a">Criminal justice system India</subfield>
    <subfield code="9">251168</subfield>
  </datafield>
  <datafield tag="942" ind1=" " ind2=" ">
    <subfield code="2">ddc</subfield>
    <subfield code="c">BK</subfield>
  </datafield>
  <datafield tag="999" ind1=" " ind2=" ">
    <subfield code="c">240743</subfield>
    <subfield code="d">240743</subfield>
  </datafield>
  <datafield tag="952" ind1=" " ind2=" ">
    <subfield code="0">0</subfield>
    <subfield code="1">0</subfield>
    <subfield code="2">ddc</subfield>
    <subfield code="4">0</subfield>
    <subfield code="7">0</subfield>
    <subfield code="8">PS</subfield>
    <subfield code="a">AL</subfield>
    <subfield code="b">AL</subfield>
    <subfield code="c">SK</subfield>
    <subfield code="d">2026-01-10</subfield>
    <subfield code="e">Biblios Book Point, Surathkal-575014</subfield>
    <subfield code="g">559.00</subfield>
    <subfield code="l">1</subfield>
    <subfield code="o">364.3092 TELC</subfield>
    <subfield code="p">078022</subfield>
    <subfield code="q">2026-05-22</subfield>
    <subfield code="r">2026-05-12 11:25:53</subfield>
    <subfield code="s">2026-05-12</subfield>
    <subfield code="v">699.00</subfield>
    <subfield code="w">2026-01-10</subfield>
    <subfield code="y">BK</subfield>
  </datafield>
</record>
